Quizzes
Events
Quiz Creation
Community
Videos
Private Events
Remove Ads
Sign In
Join for FREE
Feedback
Dark Mode
Quiz Categories
Sports
Geography
Music
Movies
Television
Just For Fun
Miscellaneous
History
Literature
Language
Science
Gaming
Entertainment
Religion
Holiday
For Kids
Quiz Lab
Recent
Popular Today
Quiz Kudos Today
Editor Picks
Curator Picks
Quizzes by...
Day
Popularity
Type
Ratings
Length
Year
Community
Subscriptions
Recent Discussions
Orange Saloon
Badges
Playlists
Quests
Create
Leaderboards
Showdown
Live 5
Trivia Bingo
Activity
Puzzle Library
Sporcle Events
Private Events
Virtual Trivia
Globe League
Become a Host
Pub Owners
SporcleCon
Opinionation
Our Games
Videos
Blog
Mobile Apps
Partnerships
Remove Ads and Go Orange
Feedback
Television
TV Characters
TV Show
Sitcom
Network
Friends
Reality Shows
Cast
South Park
Star Trek
The Simpsons
Doctor Who
Television
TV Characters
TV Show
Sitcom
Network
Friends
Reality Shows
Cast
South Park
Star Trek
The Simpsons
Doctor Who
Random Quiz
Search Sporcle
×
Quiz Lab
Quiz Lab
Television
Parks and Recreation
Type in answers that appear in a list
Type in answers that appear in a list
Classic
Best Score? Go Orange.
Complete the Parks & Rec Quotes Stats
Can you name the Parks?
By
nam4anad
10m
20 Questions
454 Plays
454 Plays
454 Plays
Comments
Comments
Give Quiz Kudos
Give Quiz Kudos
-
- Ratings
hide this ad
Replay
Link that replays current quiz
Next Quiz
Link to next quiz in quiz playlist
You Got
0%
They Got
Avg Score
46%
Avg Friend Score
Upgrade to see
Score Distribution
Jump to the score distribution portion of the page
Score
0/20
Timer
10:00
0
Plays Today
Hint
Answer
% Correct
Ben: 'They would never cancel _
_
_
_
_
_
_
_
_
_
_
_
. It's a crossover hit. It's not just for fantasy enthusiasts, they're telling human stories in a fantasy world.'
Game of Thrones
83.9%
Ron: 'Catching the #12 bus to Satan's _
_
_
_
_
_
_
_
?'
butthole
81.1%
April: 'My mom's _
_
_
_
_
_
_
_
_
_
. That's why I'm so lively and colorful.'
Puerto Rican
75.8%
Ann: 'One time I thought he _
_
_
_
_
_
. But it was me.'
farted
70.7%
Ben: 'I'm sorry, are you eating turkey chili off of a _
_
_
_
_
_
_
?'
frisbee
65.2%
Chris: 'My body is like a _
_
_
_
_
_
_
_
_
. A grain of sand could destroy it!'
microchip
60.4%
Andy: 'I'm not crying, okay? I'm allergic to _
_
_
_
_
.'
jerks
59.7%
Leslie (as Tom): 'You jumped into a creek for a _
_
_
_
_
_
_
? What would you do for a Klondike bar? Kill your wife?'
burrito
56.4%
Jean-
Ralphio: 'I hope you brought a change of clothes, because your eyes are gonna _
_
_
_
tears.'
piss
51.8%
Leslie: 'I would never ever go to a strip club. I’ve gone on record that if I had to have a stripper’s name, it would be _
_
_
_
_
_
_
_
.”
Equality
45.4%
Hint
Answer
% Correct
April: 'I dig your _
_
_
_
_
_
tunes, man.'
groovy
37.7%
Andy: ' I recently invested in some shirts at a garage sale. Left those at a _
_
_
_
_
_
on the way home, so... the economy.'
Wendy's
35.5%
Donna: 'Luxury dog park. Poodles only, no _
_
_
_
_
_
_
.'
pooping
31.3%
Jerry: 'Stop being so _
_
_
_
_
_
_
_
_
_
_
, Kyle.'
pretentious
31.3%
Donna: 'If you see Jasmine, tell her she can keep Anthony, but I want my _
_
_
_
_
_
_
_
_
back.'
microwave
30.8%
Andy: 'I once ate a _
_
_
_
with the wrapper on, and I've never seen the wrapper come out.'
Twix
28.4%
Mark: 'I've always said, we should go on more dates with _
_
_
.'
Tom
27.1%
Ron: 'Tammy #1 is my blonde _
_
_
_
_
_
.'
chicken
24.4%
Tom: 'On a scale from one to _
_
_
_
_
_
_
_
_
_
, how is he?'
Chris Brown
19.6%
Tom: ' Well, well, well. If it isn't Ethel Beavers. What's up, beautiful? _
_
_
_
_
_
_
_
_
_
_
_
_
just called; she wants her hair back.'
Julianne Moore
11.9%
Quiz Playlist
Details
Report
Send in Message
Add To Playlist
Classic:
Type in answers that appear in a list
Last Updated: Feb 16, 2017
Quiz Scoreboard
CHALLENGE
Sign Up to Join the Scoreboard
Show All
Scores
Hide
Comments
May contain spoilers
Recently Published
An Introduction to Baseball
by treessimontrees
Sports
5m
Movies - When Are They Set?
by FPL_Elf
Movies
5m
Popular People in 1961
by mucciniale
History
6m
More to Explore
Quiz From the Vault
Featured Blog Post
Where Did the Easter Bunny Come From?
hide this ad
You Might Also Like...
Tags
Parks and Recreation
Today's Top Quizzes in Television
Browse Television
hide this ad
Today's Top Quizzes in Parks and Recreation
Browse Parks and Recreation
Top Contributed Quizzes in Television
1
One Piece Logic Puzzle
2
5-to-1: The Simpsons Families
3
Survivor Logic Puzzle: Heroes vs. Villains
4
5-to-1: Television Doctors
5
7-to-1: TV Show Settings
6
Survivor Seasons
7
5-to-1: Streaming Originals
8
Survivor Season by Logo
9
One Thing in Common: Television
10
TV Shows by First Names
Explore More
Trending Topics
Crossword
Disney
Harry Potter
Anime
Kpop
Marvel
NBA
Puzzle
NFL
WWE
The Office
Soccer
Pokémon
Song
Country
hide this ad
More By:
nam4anad
Quiz
Plays
Rating
Category
Featured
Created
The Music of Parks and Rec (Parks and Recreation)
818
5.00
Television
Nov 12, 2012
Parks & Rec Romance
656
2.25
Entertainment
Sep 7, 2013
Complete the Parks & Rec Quotes
454
5.00
Television
Sep 14, 2013
Go to Creator's Profile
Score Distribution
Quiz Creator Spotlight
nam4anad
Follow
Send a Message
Quizzes Created
-
Created Quiz Play Count
-
More By This Creator
Popular Quizzes Today
1
Find the Countries of Europe - No Outlines Minefield
2
Find the US States - No Outlines Minefield
3
The Countries of the World
4
Popular People in 1961
5
Find the US States
6
US States
7
1-10 Letter E Words III
8
Risky Map Clicking: Biggest States A-Z
More Television Quizzes
Click The Simpsons Episodes: (Season 7)
Quiz Lab
Trending Quizzes
Risky Map Clicking: Least Populous States A-Z
1-10 Letter F Words
1-10 Letter G Words
Not Quite an Element Typing Challenge
One Thing in Common: United Kingdom
Recently Updated
Leaping Animals
pecheneg
Reality TV Shows (A-Z)
bhenderson79
Rickey Henderson's Hall of Fame Teammates
pecheneg
Champions League XIs: Arsenal
pecheneg
Quick Pick: Celebrities in WWE's Hall of Fame
aduchscher
A-Z Keypad Blitz II
pecheneg
Multiple Oscar Actors
pecheneg
Mystery Phrase Blitz: Oscar 'Best Actors'
pecheneg
F. Scott Fitzgerald Novels
LTH
Pick 3 Villains
ddd62291
Trending Topics
Anime
Crossword
Kpop
Harry Potter
Marvel
NBA
Disney
The Office
NFL
Puzzle
Soccer
Country
Pokémon
Song
WWE
Your Account Isn't Verified!
In order to create a playlist on Sporcle, you need to verify the email address you used during registration. Go to your
Sporcle Settings
to finish the process.
Report this User
Report this user for behavior that violates our
Community Guidelines
.
Details:
Send Report
Go to the Sporcle.com Mobile Site →
Comments